00897cam a2200253 45000010008000000030005000080050017000130080041000300100017000710200015000880400018001030500024001210820017001452450169001622500011003312600041003423000049003834900056004325000061004886500020005496500022005697000025005917000027006163600681PILC20150522092447.0730926s1973 ilua b 001 0 eng  a 70190540  a0256001693 aDLCcDLCdDLC00aHG 8769b.L722 197300a368.3/002/0210aLife and health insurance handbook.cPlanned and edited by Davis W. Gregg and Vane B. Lucas. With the cooperation of 121 outstanding American insurance authorities. a3d ed. aHomewood, Ill.,bR. D. Irwin,c1973. axxxix, 1336 pages :billustrations ;c24 cm.0 aThe Irwin series in insurance and economic security aIncludes bibliographical references, appendix and index. 0aLife insurance. 0aHealth insurance.1 aLucas, Vane B.,eed.1 aGregg, Davis W. ,eed.